00725nam a2200217 u 450000100100000000500170001000800410002702000150006804000250008308200150010810000260012324500980014926000940024730000280034149000210036950400390039065000200042965000160044970000210046583000210048600002066020200930011137.0100812s1981 dr a r 000 0 spa d z0827013944 aDO-SdBNPbspacBPJMB a615bC568c1 aCid Cárcamo, Edison10aCinética de disolución de medicamentos /cEdison Cid Cárcamo , editora Eva V. Chesneau. aWashington :bSecretaría General de la Organización de los Estados Americanos,c1981. a102 p. :bil. ;c23 cm.1 aMonografíav24 aIncluye bibliografías [p. 71-81] 4aDrogasxPruebas 4aSolubilidad1 aChesneau, Eva V. 0aMonografían24